| 000 | 00782nam a2200217Ia 4500 | ||
|---|---|---|---|
| 005 | 20150205150738.0 | ||
| 010 | _aBAC-CH25 | ||
| 020 |
_a9789350095348 _c195.00 |
||
| 035 | _aG-002912 | ||
| 035 | _aB-560840-867 | ||
| 037 |
_bTechniz/vender _adpl |
||
| 082 | _aS | ||
| 100 | _aAnu Kumar | ||
| 245 |
_aMyth Quest: Banasura: _cAnu Kumar _bthe thousand-armed asura |
||
| 260 |
_c2012 _aGurgaon _bHachette India |
||
| 270 |
_a4th & 5th Floors, Corporate Centre, Plot No.94, Sector 44 _bGurgaon _e122003, India |
||
| 300 |
_a50p.: _bill. _c17cm(pbk) |
||
| 942 |
_cCH _2ddc _mANU _hS |
||
| 999 |
_c86151 _d86151 |
||